• 首页
  • 本馆介绍
  • 公告通知
  • 最新文献
  • 馆藏检索
  • 电子资源
  • 读者导购
  • 参考咨询
  • 我的图书馆
  • 登录
  • 详细信息显示
  • 放入我的书架
  • 预约/预借图书
  • 作者相关作品
  • 分类相关作品
  • 丛书相关作品
  • 出版社相关作品

书目信息

  • 表格格式
  • 工作单格式
  • 卡片格式
题名:
中国民族民间手语舞蹈
    
 
作者: 庞佳 著
分册:  
出版信息: 南京   南京师范大学出版社  2016.12
页数: 298页
开本: 26cm
丛书名:
单 册:
中图分类: H026.3 , J722.2
科图分类:
主题词: 手势语--民族舞蹈--特殊教育--中国--教材 , 手势语--民间舞蹈--特殊教育--中国--教材
电子资源:
ISBN: 978-7-5651-2507-2
000 00948nam0 2200265 450
001 0108153914
005 20210308154403.0
010    @a978-7-5651-2507-2@dCNY45.00
100    @a20181129d2016 em y0chiy50 ea
101 0  @achi
102    @aCN@b320000
105    @aa z 000yy
106    @ar
200 1  @a中国民族民间手语舞蹈@Azhong guo min zu min jian shou yu wu dao@f庞佳著
210    @a南京@c南京师范大学出版社@d2016.12
215    @a298页@c图@d26cm
300    @a21世纪特殊教育精品规划教材
330    @a本书从汉族、藏族、蒙古族、维吾尔族、傣族五个民族的手语舞蹈中探索中国民间手语舞蹈的文化内涵、展示聋人民族文化精神的形式特征,有助于深化中国民间手语舞蹈文化的传承和研究。
606 0  @a手势语@x民族舞蹈@x特殊教育@y中国@j教材
606 0  @a手势语@x民间舞蹈@x特殊教育@y中国@j教材
690    @aH026.3@v5
690    @aJ722.2@v5
701  0 @a庞佳@Apang jia@4著@c(女)
801  0 @aCN@bBJSZM@c20210308
905    @b1272791-4@dH026.3@e531@f4
    
    中国民族民间手语舞蹈/庞佳著.-南京:南京师范大学出版社,2016.12
    298页:图;26cm
    21世纪特殊教育精品规划教材
    
    ISBN 978-7-5651-2507-2:CNY45.00
    本书从汉族、藏族、蒙古族、维吾尔族、傣族五个民族的手语舞蹈中探索中国民间手语舞蹈的文化内涵、展示聋人民族文化精神的形式特征,有助于深化中国民间手语舞蹈文化的传承和研究。
●
相关链接 在E读中查询图书 在五车中查询图书 在当当中查询图书 在豆瓣中查询图书


正题名:中国民族民间手语舞蹈     索取号:H026.3/531         预约/预借

序号 登录号 条形码 馆藏地/架位号 状态 备注
1 1272791   212727913   第二样本阅览室/ [索取号:H026.3/531] 在馆    
2 1272792   212727922   教育系资料室/ [索取号:H026.3/531] 在馆    
3 1272793   212727931   教育系资料室/ [索取号:H026.3/531] 在馆    
4 1272794   212727940   第四借阅区/ [索取号:H026.3/531] 在馆    
唐山师范学院图书馆 欢迎您!
大连网信软件有限公司© 版权所有